|
|
|
|
| LEADER |
00677cam a2200181 7i4500 |
| 001 |
0000046149 |
| 005 |
20130902090000.0 |
| 020 |
|
|
|a 9971773223 (hbk.)
|
| 090 |
0 |
0 |
|a BP136.8
|b .R54 1994
|
| 100 |
1 |
|
|a Ar-Rifa'i, Ahmad,
|c Imam
|
| 245 |
1 |
0 |
|a Benteng diri ahli hakikat :
|b dalam meniti makrifat kepada Allah
|c Imam Ahmad Ar-Rifa'i, terjemahan ; Syed Ahmad Semait.
|
| 260 |
|
|
|a Singapura:
|b Pustaka Nasional Pte. Ltd.,
|c 1994.
|
| 300 |
|
|
|a xiii, 425 p.;
|c 24 cm.
|
| 500 |
|
|
|a Judul asal : Hahalt ahlil haqiqah ma'allah
|
| 500 |
|
|
|a Gift
|
| 650 |
0 |
0 |
|a Hadith --
|x Criticism, interpretation, etc
|
| 700 |
0 |
|
|a Syed Ahmad Semait
|
| 999 |
|
|
|a 0000052735
|b BOK
|c OPEN SHELF
|e 1st Floor, Bestari Jaya
|